Elea en Climaterio (Registro nro. 1484)
[ vista simple ]
| 000 -LEADER | |
|---|---|
| fixed length control field | 00546nas a22001817a 4500 |
| 008 - CAMPO DE CONTROL RECURSOS CONTINUADOS | |
| fixed length control field | 130610t20109999ag ||||| |||| 00| 0 spa d |
| 245 ## - TITULO | |
| Titulo | Elea en Climaterio |
| 260 ## - PUBLICACION, DISTRIBUCION, ETC. (PIE DE IMPRENTA) | |
| Lugar de publicación, distribución, etc | Buenos Aires, |
| Nombre de la editorial, distribuidor, etc. | Sociedad Iberoamericana de Informacion Cientifica: |
| Fecha de publicación | 2010 |
| 300 ## - DESCRIPCION FISICA | |
| Extensión | v. : |
| 546 ## - NOTA DE IDIOMA | |
| Nota de lenguaje | español |
| 590 ## - NOTAS LOCALES (RLIN) | |
| Nota local | Indizada en: SIIC Data Bases |
| 590 ## - NOTAS LOCALES (RLIN) | |
| Nota local | Existencias: 2010 1(1) |
| 650 ## - MATERIA-TERMINO TEMATICO | |
| Término temático | CLIMATERIO |
| 9 (RLIN) | 2405 |
| 650 ## - MATERIA-TERMINO TEMATICO | |
| Término temático | MENOPAUSIA |
| 9 (RLIN) | 2406 |
| 650 ## - MATERIA-TERMINO TEMATICO | |
| Término temático | GINECOLOGIA |
| 9 (RLIN) | 1896 |
| 856 ## - LOCALIZACION ELECTRONICA Y ACCESO | |
| Identificador Uniforme de Recurso (URI) | <a href="http://www.siicsalud.com/lmr/siicdatabases.php">http://www.siicsalud.com/lmr/siicdatabases.php</a> |
| 942 ## - ADDED ENTRY ELEMENTS (KOHA) | |
| Source of classification or shelving scheme | Dewey Decimal Classification |
| Item type | Continuing Resources |
No hay ítems disponibles.